[Event "West Wales Open"]
[Site "Swansea"]
[Date "2019.10.11"]
[Round "1.11"]
[White "Morgans, Justin"]
[Black "Fathallah, Joe"]
[Result "0-1"]
[WhiteElo "1657"]
[BlackElo "1904"]
[Annotator "kemen"]
[PlyCount "90"]
[EventDate "2019.10.12"]
[EventType "swiss"]
[EventRounds "5"]
[EventCountry "WLS"]

{[%evp 0,11,80,48,-1,26,50,40,30,14,79,48,88,7]} 1. e4 e6 2. d4 d5 3. Nd2 Nc6
4. c3 e5 5. Ngf3 dxe4 (5... exd4 6. cxd4 dxe4 {main}) 6. Nxe4 (6. Nxe5 {
also played}) 6... exd4 7. Bb5 (7. cxd4 {transposes to 39 games}) (7. Nxd4 Nxd4
8. Qxd4 Qxd4 9. cxd4 Bf5 10. f3 O-O-O 11. Be3 Bb4+ 12. Kf2 Ne7 13. a3 Ba5 14.
Bc4 Nd5 15. b4 Bb6 16. Rhd1 {Harris-Fathallah, S Wales Int 2018,1-0}) 7... Bg4
(7... Qd5 8. Bxc6+ Qxc6 9. Qxd4 Qb6 10. Be3 Qxd4 11. Bxd4 Ne7 12. O-O-O Bf5 13.
Ng3 O-O-O {Marum-Medina, Isla Guitart op 1994,1/2-1/2}) (7... Bf5 8. Ng3 Qe7+
$11 {Komodo13}) 8. Qxd4 (8. O-O $16 {Komodo13}) 8... Qxd4 (8... Bxf3 9. Qxd8+
Rxd8 10. gxf3 Nge7 11. Rg1 $14 {Komodo13}) 9. Nxd4 O-O-O (9... Nge7) 10. Be3 (
10. Bxc6 bxc6 11. f3 Re8 12. Kf2 $14 {Komodo13}) 10... Nxd4 11. Bxd4 a6 12. Ba4
(12. Bc4 f6 13. f3 Bf5 14. O-O-O $14 {Komodo13}) 12... Nh6 13. f3 Bd7 14. Bxd7+
Rxd7 15. O-O (15. O-O-O) 15... Nf5 16. Bf2 Be7 17. Rfd1 Rhd8 18. Rxd7 Rxd7 19.
Kf1 $11 b6 20. Ke2 Kb7 21. g3 c5 22. Rd1 Rxd1 23. Kxd1 c4 24. Ke2 (24. b3 $11)
24... Kc6 25. g4 Nh4 (25... Nd6) 26. Bd4 $11 (26. Bxh4 $11) 26... f6 27. Ng3 g6
28. h3 b5 29. Ne4 (29. Kf2 Kd5 30. Ne4 {Komodo13- prevents N entry}) 29... f5
30. Bf6 $2 (30. Nf6 Ng2 31. Nxh7 Nf4+ 32. Kf2 Nxh3+ 33. Kg3 Ng5 34. Nxg5 Bxg5
35. f4 Be7 36. gxf5 gxf5 37. Kf3 $11 {Komodo13}) 30... Nxf3 $19 (30... fxe4 31.
Bxe7 Nxf3 $19 {preferred by Komodo13; one more on the board for security}) 31.
gxf5 gxf5 32. Bxe7 fxe4 33. h4 Kd5 34. h5 Ne5 35. Bg5 (35. Ke3) 35... Nd3 36.
b3 cxb3 37. axb3 Nc5 38. b4 Na4 39. Bf6 Kc4 40. Ke3 Nxc3 41. Bxc3 Kxc3 42. Kxe4
Kxb4 43. Kf5 a5 44. Kf6 a4 45. Kg7 a3 {Wh needs that B} 0-1

[Event "West Wales Open"]
[Site "Swansea"]
[Date "2019.10.11"]
[Round "1.12"]
[White "Jukes, Sam"]
[Black "Cheung, Ryan"]
[Result "0-1"]
[WhiteElo "1897"]
[BlackElo "1642"]
[Annotator "kemen"]
[PlyCount "90"]
[EventDate "2019.10.12"]
[EventType "swiss"]
[EventRounds "5"]
[EventCountry "WLS"]

{[%evp 0,18,80,48,31,26,42,8,17,-1,-1,9,11,-41,-4,-7,-2,-2,6,-1,-9]} 1. e4 e5 {
(draw?)} 2. Nf3 Nc6 3. Bc4 Bc5 4. c3 Nf6 5. d3 d6 (5... a6) 6. Bb3 Bb6 7. O-O
O-O 8. Nbd2 Qe7 (8... Ne7 9. Nc4 Ng6 {main}) (8... a6 9. Nc4 Ba7 10. Be3 b5 11.
Ncd2 Na5 12. Bc2 c5 {Jukes-Varney, 4NCL op, Coventry 2017,0-1}) 9. Nc4 Be6 10.
Be3 $146 (10. Bg5) (10. a4) (10. Nxb6) 10... Bxe3 (10... Bxc4 11. Bxc4 Bxe3 12.
fxe3 $11 {Stockfish10}) 11. Nxe3 Bxb3 12. Qxb3 Nd8 (12... Qd7 $14) 13. a4 c6
14. Nf5 Qc7 15. Rfe1 Ne6 16. g3 (16. d4) (16. a5) 16... Rfe8 17. Qc4 (17. Qc2)
17... Rad8 (17... g6 18. Ne3 Nc5 19. Rad1 a5 $15 {Stockfish10}) 18. b4 g6 19.
Ne3 d5 20. exd5 cxd5 21. Qh4 {the Q could be in some danger herself here,
rather than the Bl K (also offside if Bl opens up the centre} (21. Qxc7 Nxc7
22. Kg2 $11 {Stockfish10}) 21... Kg7 $17 (21... Qe7 22. Nxe5 d4 23. N3g4 Nxg4
24. Nxg4 Qxh4 25. gxh4 Kg7 26. c4 Nf4 $17 {Stockfish10}) 22. Rac1 e4 (22... Qd6
) 23. dxe4 dxe4 24. Ng5 (24. Nd4 h6 25. Nxe6+ Rxe6 $15 {Stockfish10}) 24...
Nxg5 25. Qxg5 Re5 $17 26. Qf4 (26. Qh4 Rd3 27. c4 Qe7 $17 {Stockfish10}) 26...
g5 $19 27. Nf5+ {to save the Q} Kg6 28. Nh4+ gxh4 29. f3 Qb6+ (29... hxg3 30.
hxg3 Nh5 31. Qh4 Qb6+ 32. Kf1 Rd3 $19 {Stockfish10 going 152 up while working
out the mate.}) 30. Kh1 Rf5 31. Qxh4 exf3 32. g4 Rg5 (32... Rf4 {Stockfish10})
33. h3 f2 (33... Rd2) 34. Rf1 Qc6+ (34... Qe3) 35. Kh2 Qd6+ (35... Ne4) 36. Qg3
Qxg3+ (36... Ne4) 37. Kxg3 Rd3+ 38. Kg2 (38. Kxf2 Rxh3) 38... Ne4 39. c4 h5 (
39... Rg3+ 40. Kh2 h5) 40. Rxf2 Nxf2 (40... hxg4) 41. Kxf2 hxg4 42. hxg4 Rxg4
43. b5 Rdd4 44. c5 Rxa4 45. c6 bxc6 0-1

[Event "West Wales Open"]
[Site "Swansea"]
[Date "2019.10.11"]
[Round "1.13"]
[White "Chung, Joel"]
[Black "Phillips, William"]
[Result "1-0"]
[WhiteElo "1463"]
[BlackElo "1893"]
[Annotator "kemen"]
[PlyCount "125"]
[EventDate "2019.10.12"]
[EventType "swiss"]
[EventRounds "5"]
[EventCountry "WLS"]

1. e4 e5 2. f4 exf4 3. Nf3 g5 4. Bc4 (4. h4 {equal billing}) 4... Bg7 (4... g4
5. O-O {still quite popular}) 5. d4 d6 6. h4 (6. O-O {main}) 6... h6 7. c3 Nc6
8. Na3 {lesser played, 1 Wh win, 1 draw, 8 Bl wins} (8. O-O Qe7 {main}) 8...
Qe7 9. Qe2 Bg4 10. Bd2 O-O-O (10... Nf6 11. Bd3 Nh5 12. Qf2 Ng3 13. O-O-O {
Lasker-Wilcox, USA sim tour 1893,1/2-1/2}) 11. O-O-O Nf6 12. d5 (12. Bd3 Nh5 (
12... d5 13. exd5 Qxe2 14. Bxe2 Nxd5 15. Nc2 Nf6 16. Bd3 Bxf3 17. gxf3 Nh5 $11
{Castillo Garcia-Herrero Sabartes, Catalunya ch tm 2008,0-1}) 13. Qf2 Bd7 (
13... Kb8 $19) (13... Ng3 $19) 14. hxg5 hxg5 15. Rde1 (15. d5 Nb8 16. Qxa7 $18)
15... Kb8 16. Nc4 g4 17. Ng1 f3 18. gxf3 Nf4 19. Bxf4 Rxh1 $19 {Dull-De Haro,
Florianopolis ch 2014,0-1}) 12... Ne5 $19 13. Bb3 a6 14. Rde1 Nh5 15. Kc2 (15.
Bc2) 15... Ng3 16. Qf2 Nxh1 (16... Kb8) 17. Rxh1 c5 {weakens the Bl K defences
a little} (17... Kb8 18. Nxe5 Qxe5 19. Re1 f5 $19 {Stockfish10}) (17... Nd7 18.
Re1 f5 $19 {Stockfish10}) 18. dxc6 Nxc6 19. Bd5 Qc7 (19... f5) 20. hxg5 (20.
Kb1) 20... Nb4+ 21. Kb1 Nxd5 22. exd5 Bxf3 (22... hxg5 {Stockfish10}) 23. Qxf3
hxg5 24. Rxh8 Rxh8 25. Qg4+ Qd7 26. Qxg5 Be5 $19 {still an exchange up} 27. Nc4
Qd8 (27... f6 $1 {Stockfish10} 28. Qg6 (28. Nb6+ Kc7 29. Nxd7 fxg5 30. Nxe5
dxe5 $19) 28... Qh7 29. Qxh7 Rxh7 $19) (27... Qe8 {is also better than the
text, which sheds too many pawns}) 28. Qf5+ $11 (28. Bxf4 Bxf4 29. Qxf4) 28...
Kb8 29. Nxe5 dxe5 30. Qxe5+ Ka8 31. Bxf4 $11 {2 pawns for the exchange} Qg8 (
31... Re8) 32. a3 Qe8 (32... Qg6+ 33. Ka2 Rd8 {stopping the passed pawn is a
priority}) 33. Qf5 (33. Qd4 $16) 33... Rh1+ (33... Qe2 {Stockfish10} 34. Bc1
Qxg2 $17 35. d6 Qe2 36. Qxf7 Qd3+ 37. Ka2 Qxd6) 34. Ka2 Rh8 (34... Rf1 $11) 35.
Qd3 $16 Rg8 36. Qd2 Qe4 37. g3 Rd8 38. d6 Qc4+ 39. b3 Qe6 (39... Qe4) 40. a4
Re8 41. Ka3 (41. Kb2) 41... Rd8 (41... Qe1 $11) 42. Qd4 Rd7 43. Qc5 $18 (43. c4
$18) 43... Kb8 44. Be3 b6 (44... b5 45. a5 (45. Qb6+ Rb7 $11) 45... Rb7 46. Bf4
Qd7 47. Qd5 $18 {Stockfish10}) 45. Qxb6+ Rb7 46. Qd8+ Qc8 47. Qxc8+ (47. Qf6 {
even stronger}) 47... Kxc8 48. Bf4 Kd7 49. b4 Rb8 50. Kb3 Re8 51. Kc4 Kc8 52.
b5 (52. Kd5 Kd7 53. c4) 52... axb5+ 53. axb5 Kd7 54. Kd5 Re1 55. Kc5 Rh1 56. c4
Rh5+ 57. Kb6 Rh8 58. c5 Rb8+ 59. Ka5 Ra8+ 60. Kb4 f5 61. c6+ Kd8 62. Kc5 Ra1
63. Kb6 (63. Bg5+ Ke8 64. d7+ Kf7 65. d8=Q) 1-0

[Event "West Wales Open"]
[Site "Swansea"]
[Date "2019.10.12"]
[Round "2.1"]
[White "Kosuzek, Daniel"]
[Black "Jones, Ian Robert"]
[Result "1-0"]
[WhiteElo "2338"]
[BlackElo "1975"]
[Annotator "kemen"]
[PlyCount "76"]
[EventDate "2019.10.12"]
[EventType "swiss"]
[EventRounds "5"]
[EventCountry "WLS"]

{[%evp 0,10,24,34,76,47,80,72,83,43,81,72,105]} 1. d4 d6 2. Nf3 Nc6 (2... Nf6 {
main}) 3. e4 Nf6 4. d5 (4. Nc3) 4... Nb8 5. Bd3 (5. Nc3) 5... c6 (5... g6 {
eg Kasimdzhanov-Carlsen, IoMan 2017,1/2-1/2}) 6. O-O g6 7. h3 Bg7 8. c4 O-O 9.
Nc3 Nbd7 (9... a6 {4 Wh wins, 4 draws,3 Bl wins}) 10. Re1 Ne5 (10... Nc5 {
Cloud Engines; 0-3 eg Nisipeanu-Iordachescu, King's Blitz, Bucharest 2018,0-1})
11. Nxe5 dxe5 12. dxc6 (12. Be3 $16 {Komodo13}) 12... bxc6 13. Be3 Be6 (13...
Nh5 $14 {Komodo13}) 14. Qc2 Nh5 15. Bf1 Qc7 16. Na4 Nf4 17. Nc5 Rfd8 18. g3 (
18. b4 $16) 18... Nxh3+ (18... Bxh3 $11 {Stockfish140919 & Komodo13} 19. Bxh3 (
19. gxf4 Bxf1 20. Kxf1 exf4 21. Bc1 Qd6 22. Nb3 $11) 19... Nxh3+ 20. Kh2 Nf4
$11 21. gxf4 exf4 $19) 19. Kh2 Nf4 20. gxf4 exf4 21. Nxe6 fxe6 22. Bd2 f3+ 23.
e5 Bxe5+ 24. Kg1 (24. Kh1 $18) 24... Bd4 $11 25. Be3 Qe5 26. Bh3 Qh5 $2 (26...
Rd6 27. Bxd4 {other moves seem to lead to a small Bl advantage} (27. Bg4 Bxe3
28. Rxe3 Qg5 29. Qe4 h5 30. c5 Rd5 31. Qxe6+ Kg7 32. Qxe7+ Kh6 33. Qxg5+ Rxg5
34. Rxf3 Rxg4+ 35. Kf1 Rc4 $15 {Komodo13}) 27... Qg5+ 28. Kh2 Qf4+ 29. Kh1 Qh6
30. Kh2 Qf4+ $11 {Komodo13}) 27. Bxe6+ $18 Kf8 28. Qe4 Be5 (28... Bxb2 $5) 29.
Qxe5 (29. Bf4 {also}) 29... Qxe5 30. Bh6+ Qg7 31. Bxg7+ Kxg7 32. Rad1 $18 h5
33. Bd7 Rab8 34. Rxe7+ (34. b3) 34... Kf6 35. Re3 (35. Re6+ Kf7 36. Rxc6) 35...
Rxb2 36. Rxf3+ Ke7 37. Re3+ Kf8 38. Rd6 (38. Re6) 38... Kf7 {(time?)} 1-0

[Event "West Wales Open"]
[Site "Swansea"]
[Date "2019.10.12"]
[Round "2.2"]
[White "Fathallah, Joe"]
[Black "Toczek, Grzegorz"]
[Result "0-1"]
[WhiteElo "1904"]
[BlackElo "2259"]
[Annotator "kemen"]
[PlyCount "80"]
[EventDate "2019.10.12"]
[EventType "swiss"]
[EventRounds "5"]
[EventCountry "WLS"]

1. b3 c5 2. Bb2 Nc6 3. e3 d5 4. f4 (4. Bb5 {main}) 4... Nf6 5. Nf3 g6 (5... e6
{main}) 6. Bb5 Bg7 7. O-O O-O 8. Bxc6 bxc6 9. d3 c4 $146 {second choice
Komodo13} (9... Qb6) (9... a5 {main lines}) (9... d4 $17 {Komodo13; 2 draws,3
Bl wins eg Karjakin-Bologan, Bejing Sportaccord blind rapid 2012,0-1}) 10. bxc4
(10. Nc3) 10... Qb6 11. Bd4 c5 12. Be5 dxc4 13. Nbd2 cxd3 14. cxd3 Qa6 (14...
Ba6) 15. Nc4 Rd8 16. Qc2 Bd7 17. a4 Bf8 (17... Be6 18. Rac1 Bh6 $15 {Komodo13})
18. Bxf6 (18. e4 $11) 18... exf6 19. a5 Bf5 (19... Be6 $17) 20. e4 Be6 21. Rfd1
Bh6 22. g3 Rd7 (22... Rab8 $17) 23. Ne3 Rc8 24. Qc3 Rcd8 25. Ra3 Rd4 (25... Bf8
$17 {Komodo13}) 26. Nd5 R4xd5 27. exd5 Bxd5 $19 28. d4 c4 (28... Bf8 29. dxc5
Qb5 $19 {Komodo13}) 29. Kf2 Rb8 30. Nd2 Qe6 31. Rg1 Qh3 32. Nf1 Bf8 33. g4 Qh6
34. g5 fxg5 (34... Qh4+ 35. Rg3 Rb1 {even stronger- Komodo13}) 35. fxg5 (35.
Rxg5 $5) 35... Qh4+ 36. Rg3 Bxa3 (36... Rb1 $1 37. Ra1 Bb4 $19 {Komodo13}) 37.
Qxa3 Qxd4+ (37... Rb3) 38. Re3 Rb2+ 39. Kg3 Rg2+ 40. Kh3 Qg4# 0-1

[Event "West Wales Open"]
[Site "Swansea"]
[Date "2019.10.12"]
[Round "2.3"]
[White "Thompson, Ian D"]
[Black "May, Adam J"]
[Result "1-0"]
[WhiteElo "2120"]
[BlackElo "1924"]
[Annotator "kemen"]
[PlyCount "81"]
[EventDate "2019.10.12"]
[EventType "swiss"]
[EventRounds "5"]
[EventCountry "WLS"]

{[%evp 0,27,23,-14,-7,0,-5,-5,0,-15,-21,3,1,-31,-6,6,20,28,32,27,50,38,38,28,
31,6,4,-3,15,0]} 1. c4 e6 2. Nc3 d5 3. d4 Nf6 4. cxd5 exd5 5. Bg5 c6 6. Qc2 Be7
7. e3 Nbd7 8. Bd3 h6 9. Bh4 Nh5 10. Bxe7 Qxe7 11. Nge2 (11. O-O-O) 11... Nb6
12. O-O-O (12. O-O) 12... Bd7 13. Kb1 O-O-O 14. h3 (14. Na4) (14. Nc1) 14...
Kb8 15. Rhe1 Rhe8 16. Nc1 (16. g4 Nf6 17. Ng3 g6 18. f3 c5 {
Aliyev-Sevdimaliyev, Jafarov memorial, Baku 2019,1/2-1/2}) 16... Bc8 17. Nb3 g6
18. Ka1 Ng7 19. g4 Ne6 20. f3 c5 (20... Qc7 $11 {Komodo13}) 21. Qh2+ Ka8 22.
dxc5 Nxc5 23. Nxc5 Qxc5 24. e4 (24. Rc1 $16 {Komodo13}) 24... d4 (24... dxe4
$11 25. Bxe4 Be6) 25. Nb5 $18 {Komodo13} Re7 (25... Re5 26. Rc1 Qe7 27. f4 Rc5
28. Rxc5 Qxc5 29. Qd2 Bd7 30. Rc1 Qe7 31. Nxa7 $18 {Komodo13}) 26. Rc1 Qe5 27.
Qd2 (27. f4 Qb8 28. Qd2 $18) 27... Bd7 28. f4 Qf6 29. e5 (29. Nxa7 $1 $18 {
Komodo13}) 29... Qh4 30. Nxa7 Kxa7 31. Qa5+ Kb8 32. Qxb6 Re6 (32... Rc8 $5) 33.
Qc7+ Ka8 34. g5 (34. Be4) 34... Ree8 35. Be4 Bc8 36. Qa5+ (36. Red1) 36... Kb8
37. Rc4 Rd7 38. Ra4 Qxf4 (38... Qxe1+ {Komodo13}) 39. Qa8+ Kc7 40. Rc4+ Kb6 41.
Rec1 (41. Rb4+ Kc7 42. Bxb7 {mates- Komodo13}) 1-0

[Event "West Wales Open"]
[Site "Swansea"]
[Date "2019.10.12"]
[Round "2.4"]
[White "Musson, Adam J"]
[Black "Chung, Joel"]
[Result "1-0"]
[WhiteElo "2017"]
[BlackElo "1463"]
[Annotator "kemen"]
[PlyCount "63"]
[EventDate "2019.10.12"]
[EventType "swiss"]
[EventRounds "5"]
[EventCountry "WLS"]

{[%evp 0,16,13,15,25,-1,33,33,33,38,37,37,37,40,33,32,42,42,73]} 1. Nf3 Nf6 2.
c4 g6 3. Nc3 Bg7 4. e4 d6 5. d4 O-O 6. Be2 c5 (6... e5) (6... Nbd7 {main lines}
) 7. d5 (7. O-O) 7... Nbd7 (7... e6 {gives Bl a bit more space in this Modern
Benoni}) (7... e5 {Czech Benoni}) 8. h3 Nb6 {the N is a bit of an obstruction
here} (8... a6 9. O-O Ne8 10. Be3 Nc7 {another Bl plan}) 9. a4 {2 games} (9.
O-O {98 games}) 9... a5 $146 10. O-O Nfd7 {Fritz12} 11. Be3 $16 Ne5 12. Nxe5 (
12. Nd2 $16) 12... Bxe5 13. f4 Bg7 14. Qd2 f5 15. exf5 Bxf5 16. b3 e5 (16... h5
17. Rae1 $18) 17. dxe6 Bxe6 18. Rad1 $18 {the N on b6 is still displaced, &
the centre pawns are under fire} Bxc3 19. Qxc3 Qe7 20. Bf3 Rfd8 21. Bc1 (21.
Rfe1) (21. f5 {both Komodo13}) 21... Qc7 (21... Qg7 {looks virtually forced})
22. Bb2 Kf8 23. f5 $1 {quickest- Komodo13} (23. Qh8+ {alternative}) 23... gxf5
24. Qh8+ (24. Bh5 $1) 24... Bg8 25. Be4 (25. Bh5) 25... Rd7 26. Rxf5+ (26. Bxf5
Rf7 27. Bg4 (27. Be6)) 26... Rf7 27. Rxf7+ (27. Qg7+ $1 Ke7 28. Rxf7+ Bxf7 29.
Bf5) 27... Qxf7 28. Rf1 Ke7 29. Rxf7+ Bxf7 30. Qf6+ Ke8 31. Bxb7 Nd7 {the N
returns, but it is far too late} 32. Qh8+ (32. Qxd6) 1-0

[Event "West Wales Open"]
[Site "Swansea"]
[Date "2019.10.12"]
[Round "2.5"]
[White "Cheung, Ryan"]
[Black "Young, Alan"]
[Result "1-0"]
[WhiteElo "1642"]
[BlackElo "2015"]
[Annotator "kemen"]
[PlyCount "97"]
[EventDate "2019.10.12"]
[EventType "swiss"]
[EventRounds "5"]
[EventCountry "WLS"]

1. d4 d5 2. c4 e6 3. Nf3 Nf6 4. g3 Bb4+ 5. Bd2 Bd6 (5... Be7) 6. Nc3 (6. Bg2)
6... c6 7. b3 (7. Qc2) (7. Bg2 {main lines}) 7... Nbd7 8. Qc2 O-O 9. Bg2 Qe7 (
9... b6 {2-0}) (9... dxc4 10. bxc4 e5 11. Rd1 $11 {Cloud Engines} (11. dxe5
Nxe5 12. Nxe5 Bxe5 13. O-O $11 {Naumann-Bruzon Batista, Wld ch blitz, Berlin
2015,1-0})) 10. O-O Rd8 $146 (10... b6) (10... Re8) (10... dxc4) 11. e4 $16
Nxe4 12. Nxe4 dxe4 13. Qxe4 Nf6 14. Qe2 Bd7 {if this is the best that Bl has ,
then the opening has been played too passively} 15. Ne5 Be8 16. Ba5 Bc7 17.
Bxc7 Qxc7 18. Rfd1 (18. Rad1) 18... Nd7 19. Ng4 {Komodo13} (19. f4 f6 20. Nd3
Bf7 $14) 19... Nf8 20. h4 (20. Rd2 Ng6 21. Re1 $16 {Komodo13}) 20... f6 21. c5
(21. Rd2 {Komodo13}) (21. d5 {Deep Fritz14}) 21... Bf7 22. Ne3 e5 23. Nf5 (23.
d5 $11 {both Engines}) 23... exd4 24. Nd6 (24. Nxd4 $11) 24... Bd5 (24... Rxd6
25. cxd6 Qxd6 26. Rd2 Ne6 $11 {Komodo13}) 25. Rxd4 $18 Bxg2 26. Kxg2 Rd7 27.
Re1 b6 28. b4 h6 29. Re4 bxc5 30. bxc5 Kh7 (30... Rxd6 {is too late now, as
the position has opened up to favour R entry}) 31. h5 (31. Qc2) 31... Qa5 32.
Qc2 Kh8 33. Qc4 Kh7 34. Re7 (34. Re8 {even stronger- both Engines}) 34... Qd2
35. Qe4+ Kh8 (35... Kg8 36. Qxc6) 36. Nf7+ (36. Qg4 Qd5+ 37. Kh2 Qg8 (37...
Rxe7 38. Rxe7 Qg8 39. Nf7+ Kh7 (39... Qxf7) 40. Qf5+ g6 41. Ng5+ Kh8 42. Qxf6+
Qg7 43. Qxg7#) 38. Rxd7 Nxd7 39. Qxd7 {Komodo13}) 36... Kg8 37. Rxd7 {not the
best, Wh is giving Bl breakout chances} (37. Qg4) (37. Qxc6) 37... Qxd7 (37...
Nxd7 $1 38. Nd6 Nxc5 39. Qxc6 Rd8 40. Re8+ Rxe8 41. Qxe8+ Kh7 42. Qg6+ Kh8 43.
Nf5 Qd7 $11 {Komodo13}) 38. Nd6 $18 {the Wh pieces are back in control} Rb8 39.
Qc4+ Kh8 40. Re4 (40. Re3 f5 41. Qe2 $18 {Komodo13}) 40... a5 (40... f5 41. Re5
f4 $5) 41. Qe2 Rb4 42. Re7 Qg4 43. Qxg4 Rxg4 44. f4 f5 45. Nxf5 g6 46. hxg6
Nxg6 (46... Rxg6 {a little better} 47. Re8 Rf6 48. Nd6 $18) 47. Re8+ Kh7 48.
Kf3 h5 49. Ne3 (49. Re6) (49. Ne3 Nh4+ 50. Kf2 Rg7 51. gxh4 Rc7 52. Kf3 {
and Bl will not last long}) 1-0

[Event "West Wales Open"]
[Site "Swansea"]
[Date "2019.10.12"]
[Round "2.6"]
[White "Brown, Geoffrey M"]
[Black "Graham, David B"]
[Result "1-0"]
[WhiteElo "1861"]
[BlackElo "2162"]
[Annotator "kemen"]
[PlyCount "81"]
[EventDate "2019.10.12"]
[EventType "swiss"]
[EventRounds "5"]
[EventCountry "WLS"]

{[%evp 0,10,31,-7,36,6,22,-12,8,13,51,-34,-12]} 1. f4 c5 2. Nf3 Nc6 3. e3 g6 4.
d4 Bg7 5. c3 d6 (5... cxd4 6. exd4 d5 {main, 60 % for Bl}) 6. d5 Na5 $146 {
Stockfish8} (6... Nb8 {0.5-1.5}) 7. Bb5+ Bd7 8. Qa4 b6 9. Nbd2 Nf6 10. e4 O-O
11. Bxd7 Nxd7 (11... Qxd7 12. Qxd7 Nxd7 $15) 12. O-O Rb8 (12... a6) 13. Nb3
Nxb3 14. axb3 Rb7 15. Qb5 Nb8 16. Qd3 Qc7 17. h4 (17. e5 dxe5 18. fxe5 $16 {
Komodo13} Bxe5 19. Nxe5 Qxe5 20. Bf4 Qf5 21. Qf3 Rc8 22. g4 Qf6 23. Qe4 Qg7 24.
Qe3 g5 25. Bxg5 $18 (25. Be5 $18)) 17... b5 18. h5 Nd7 19. hxg6 hxg6 20. Ng5
$16 Bh6 21. Qg3 (21. f5 $18 {Komodo13} Bxg5 (21... Ne5 22. Qh3 Bxg5 23. Bxg5 f6
24. fxg6 Nxg6 25. Qh5 Ne5 26. Bh6 $18) 22. Bxg5 f6 23. Bh6 $18) 21... Kg7 22.
Bd2 (22. f5 $18 {Komodo13}) 22... Bxg5 23. Qxg5 $11 (23. fxg5 $16) 23... Rh8 (
23... Qd8 24. c4 Rh8 25. Bc3+ f6 26. cxb5 Qb6 27. f5 Rh6 28. Qe3 Ne5 29. Bxe5
dxe5 30. Rf3 Qxb5 $11 {Komodo13}) 24. Qxe7 (24. f5) 24... Qb6 25. Qg5 (25. c4
$1 {Komodo13} Nf6 26. Qxf6+ Kxf6 27. Bc3+ Ke7 28. Ba5 {trapping the Q in return
} Ra8 29. Bxb6 Rxb6 30. Rfb1 a5 31. e5 $14) 25... c4+ 26. Rf2 Nf6 $11 (26...
Nc5 27. Be3 Nxe4 $11 {Komodo13}) 27. Re1 Re7 (27... Rh1+ 28. Kxh1 Qxf2 29. f5
Re7 $11 {Komodo13}) 28. Be3 Rxe4 29. Bxb6 Rxe1+ 30. Rf1 Rh1+ $2 (30... Rxf1+
31. Kxf1 axb6 32. Kg1 Re8 $14) 31. Kxh1 Rxf1+ 32. Bg1 $18 Ne4 33. Qe7 (33. Qh4)
33... Rxf4 34. Bd4+ Kh6 35. Kh2 (35. Be3 $1) 35... Kh5 36. g3 (36. Be3 Rh4+ 37.
Kg1 Rg4 38. Qf8 Rg3 39. Qh6+ Kg4 40. Qf4+ Kh5 41. Qxe4 $18 {Komodo13}) 36...
Rg4 37. Qxf7 Nxg3 38. Be3 Kh4 39. Qf6+ (39. Qe7+ g5 40. Bf2 {mating soon-
Komodo13}) 39... g5 40. Qh6+ Nh5 41. Bf2+ 1-0

[Event "West Wales Open"]
[Site "Swansea"]
[Date "2019.10.12"]
[Round "2.7"]
[White "Makkar, Rajat"]
[Black "Turner, Joseph David"]
[Result "1-0"]
[WhiteElo "2135"]
[BlackElo "1842"]
[Annotator "kemen"]
[PlyCount "85"]
[EventDate "2019.10.12"]
[EventType "swiss"]
[EventRounds "5"]
[EventCountry "WLS"]

{[%evp 0,19,31,31,31,-13,51,14,9,19,12,14,26,21,26,17,8,-48,-27,6,54,54]} 1. d4
Nf6 2. c4 g6 3. g3 Bg7 4. Bg2 O-O 5. Nc3 d6 6. Nf3 Nc6 7. O-O Bf5 8. Ne1 (8. d5
Na5 9. Nd4 {main}) 8... Qd7 9. e4 (9. d5 Na5 10. e4 Bh3) 9... Bg4 (9... Bh3 {
main}) 10. f3 Bh3 11. d5 Ne5 (11... Na5) 12. Qe2 (12. b3) 12... h5 13. Bxh3
Qxh3 14. f4 Neg4 15. Nf3 $16 Nh6 16. Bd2 c6 17. a4 Nd7 18. a5 Nc5 19. Ra3 (19.
f5 $1 Nb3 (19... gxf5 20. Bxh6 Bxh6 21. Nh4 Qg4 22. Nxf5 Qxe2 23. Nxh6+ Kh7 24.
Nxe2 Kxh6 25. Nd4 $16) 20. Bxh6 Bxh6 21. Nd1 Bg7 (21... Nxa1 22. Nf2 Qxf1+ $18)
22. a6 b6 23. dxc6 Nd4 24. Nxd4 Bxd4+ 25. Nf2 g5 26. f6 Qe6 27. fxe7 Qxe7 28.
Rad1 $18 {Komodo13}) 19... Rae8 20. b4 (20. Nd1 Qd7 21. f5 $16 {Komodo13})
20... Nd7 21. a6 $18 cxd5 22. cxd5 (22. axb7 dxc4 23. Qxc4 Nb6 24. Qe2 d5 25.
Rxa7 $18 {Komodo13}) 22... b6 (22... bxa6 23. Rxa6 h4 $5) 23. Nb5 $18 f5 24. e5
(24. Ng5 Qg4 25. Qxg4 Nxg4 26. Nxa7 $18 {Komodo13}) 24... dxe5 25. fxe5 (25.
Ng5 Qg4 26. Qg2 h4 27. h3 Qh5 28. Ne6 Kh7 29. Nxa7 $18 {Komodo13}) 25... Ra8
26. Rc3 Qg4 27. Rc4 f4 28. Bxf4 Rac8 29. Re4 (29. Rxc8 Rxc8 30. Nxa7) 29... Nf5
30. Qg2 h4 31. h3 Qh5 32. g4 Qh7 33. Ng5 Qh8 34. gxf5 (34. d6 $1) (34. Qa2 $1)
34... gxf5 35. Re2 Rc4 36. Ne6 (36. d6) 36... Rf7 37. Nxa7 Rxb4 38. Nc6 Qh5 39.
a7 Ra4 40. Ra2 Rxa2 41. Qxa2 Nxe5 42. a8=Q+ Kh7 43. Nxe5 1-0